NLSUI OPAC header image

Privacy, confidentiality, and health research (Record no. 40257)

MARC details
000 -LEADER
fixed length control field 01054nam a2200217Ia 4500
003 - CONTROL NUMBER IDENTIFIER
control field OSt
005 - DATE AND TIME OF LATEST TRANSACTION
control field 20210217103158.0
008 - FIXED-LENGTH DATA ELEMENTS--GENERAL INFORMATION
fixed length control field 160316s2012 xxu||||| |||| 00| 0 eng d
020 ## - INTERNATIONAL STANDARD BOOK NUMBER
International Standard Book Number 9781107020870
040 ## - CATALOGING SOURCE
Transcribing agency n
082 ## - DEWEY DECIMAL CLASSIFICATION NUMBER
Classification number 610.285580
Item number LOW
100 ## - MAIN ENTRY--PERSONAL NAME
Personal name Lowrance William W
245 ## - TITLE STATEMENT
Title Privacy, confidentiality, and health research
260 ## - PUBLICATION, DISTRIBUTION, ETC.
Place of publication, distribution, etc. Cambridge
Name of publisher, distributor, etc. Cambridge University Press
Date of publication, distribution, etc. 2012
300 ## - PHYSICAL DESCRIPTION
Extent 188p
Dimensions xiii
365 ## - TRADE PRICE
Price amount Rs. 6,202
505 ## - FORMATTED CONTENTS NOTE
Formatted contents note Table of contents<br/>1. Introduction; <br/>2. Data, biospecimens, and research; <br/>3. Privacy, confidentiality, safeguards; <br/>4. Broad privacy and the data protection regimes; <br/>5. Health care, public health, and research regimes; <br/>6. Consent; <br/>7. Identifiability and person-specific data; <br/>8. Genetics and genomics; <br/>9. Safeguards and responsibilities; <br/>10. Data sharing, access, and transfer; <br/>11. Ways forward.
650 ## - SUBJECT ADDED ENTRY--TOPICAL TERM
Topical term or geographic name entry element 1. Medical Records - Law & Legislation2. Medical Informatics - Medicine3. Health Service Accessibility - Medical Care
700 ## - ADDED ENTRY--PERSONAL NAME
Personal name
--
942 ## - ADDED ENTRY ELEMENTS (KOHA)
Source of classification or shelving scheme Dewey Decimal Classification
Koha item type BOOKs
Holdings
Withdrawn status Lost status Damaged status Not for loan Home library Current library Shelving location Date acquired Cost, normal purchase price Total Checkouts Full call number Barcode Date last seen Date last checked out Price effective from Koha item type
        NLS NLS NAB Compactor 30/05/2017 6202.47 1 610.28558 LOW 33885 29/10/2024 22/10/2024 30/05/2017 BOOKs